书目信息 |
| 题名: |
巴黎的家
|
|
| 作者: | 皮卡尔 著 ;雷纳尔 , 治棋 绘 | |
| 分册: | ||
| 出版信息: | 北京 电子工业出版社 2013.04 |
|
| 页数: | 189页 | |
| 开本: | 23cm | |
| 丛书名: | 小房子里的法式生活情趣 | |
| 单 册: | ||
| 中图分类: | TU241-64 | |
| 科图分类: | ||
| 主题词: | 住宅--zhu zhai--室内装饰设计--图集 | |
| 电子资源: | ||
| ISBN: | 978-7-121-19832-8 | |
| 000 | 01743nam 2200373 450 | |
| 001 | CAL 012013062970 | |
| 005 | 20150825143913.82 | |
| 010 | @a978-7-121-19832-8@dCNY48.00 | |
| 100 | @a20130516d2013 em y0chiy50 ea | |
| 101 | 1 | @achi@cfre |
| 102 | @aCN@b110000 | |
| 105 | @aa z 000yy | |
| 106 | @ar | |
| 200 | 1 | @a巴黎的家@Aba li de jia@e手绘情调生活空间@d= French touch@etrucs et astuces du quotidien@f(法) 艾曼纽尔·皮卡尔著@g(法) 纪尧姆·雷纳尔绘@g治棋译@zfre |
| 210 | @a北京@c电子工业出版社@d2013.04 | |
| 215 | @a189页@c彩图@d23cm | |
| 225 | 2 | @a小房子里的法式生活情趣@Axiao fang zi li de fa shi sheng huo qing qu |
| 306 | @a由Dakai Agency授予出版 | |
| 308 | @a丛书题名取自CIP | |
| 314 | @a纪尧姆·雷纳尔,法国最具个性的时尚插画师,他的画作总是充满独特的线条与创意,是法国的年轻人目前最推崇的时尚画家。 | |
| 314 | @a治棋,60年代生人,幼习法文,致力洋务事业凡20余年;曾在法国工作多年,并有幸在欧盟学习同传技巧。目前供职于国家级时尚行业组织。近年开始翻译法国时尚类书籍,现已出版《改头换面——重塑你的形象与风格》《懒女孩》系列等多部译著。 | |
| 314 | @a艾曼纽尔·皮卡尔,法国知名作家、雕塑家。生活在巴黎。 | |
| 330 | @a本书是一本颇具个性又好玩的书, 你可以在这本书里找到幽默、有趣的生活场景, 还可以看到不同职业, 有着多种兴趣爱好的主人们的生活状态。 | |
| 410 | 0 | @12001 @a小房子里的法式生活情趣 |
| 500 | 10 | @aFrench touch : trucs et astuces du quotidien@mChinese |
| 517 | 1 | @a手绘情调生活空间 |
| 586 | @a | |
| 606 | 0 | @a住宅@Azhu zhai@x室内装饰设计@j图集 |
| 690 | @aTU241-64@v5 | |
| 701 | 1 | @a皮卡尔@Api ka er@g(Piquqrt, Emmanuelle)@4著 |
| 702 | 1 | @a雷纳尔@Alei na er@g(Reynard, Guillaume)@4绘 |
| 702 | 0 | @a治棋@Azhi qi@4译 |
| 801 | 0 | @aCN@c20150820 |
| 905 | @a河南城建学院图书馆@dTU241-64@eP625@f3 | |
| 巴黎的家:手绘情调生活空间= French touch:trucs et astuces du quotidien/(法) 艾曼纽尔·皮卡尔著/(法) 纪尧姆·雷纳尔绘/治棋译.-北京:电子工业出版社,2013.04 |
| 189页:彩图;23cm.-(小房子里的法式生活情趣) |
| ISBN 978-7-121-19832-8:CNY48.00 |
| 本书是一本颇具个性又好玩的书, 你可以在这本书里找到幽默、有趣的生活场景, 还可以看到不同职业, 有着多种兴趣爱好的主人们的生活状态。 |
| ● |
| 相关链接 |
|
|
|
正题名:巴黎的家
索取号:TU241-64/P625
 
预约/预借
| 序号 | 登录号 | 条形码 | 馆藏地/架位号 | 状态 | 备注 |
| 1 | 1223442 | 212234429 | 建筑库101/101建筑库 61排5列1层/ [索取号:TU241-64/P625] | 在馆 | |
| 2 | 1223443 | 212234438 | 建筑与城市规划学院资料室/101建筑库 33排2列4层/ [索取号:TU241-64/P625] | 在馆 | |
| 3 | 1223444 | 212234447 | 建筑库101/101建筑库 61排5列1层/ [索取号:TU241-64/P625] | 在馆 |